000 00603nam a22001817a 4500
999 _c10303
_d10303
003 GBCCL
005 20241126110729.0
008 240605b ||||| |||| 00| 0 eng d
040 _cGBC
082 _a226.2007
_bMAC
100 _aMacArthur, John
_98028
245 _aThe elements of church discipline :
_bstudy notes, Matthew 18:15-35 /
_cJohn MacArthur
260 _aPanorama City, Ca.,
_bWord of Grace Communications,
_c©1984
300 _a105 pages ;
_c22 cm
650 _aBible.
_vMatthew 18
_xCriticism, interpretation, etc
_917896
650 _aChurch discipline
_92628
942 _2ddc
_cBK
_01